| 000 | 00558nam a2200145Ia 4500 | ||
|---|---|---|---|
| 008 | 140724s9999 xx 000 0 und d | ||
| 050 |
_aHD 30.28 _b.M385 2012 |
||
| 100 | _aMartinez, Theresa Pauline S. | ||
| 245 |
_aStrategies of Bon Appetea to compete with other tea shops in BF Resort Village, Las Piñas City / _cTheresa Paulin S. Martinez. |
||
| 260 |
_aLas Piñas, Philippines : _bSouthville International School and Colleges, _cc2012. |
||
| 300 |
_a65 p. : _bcol. Ill. ; _c28 cm. |
||
| 521 | _aBusiness Administration | ||
| 942 | _cTH | ||
| 999 |
_c228756 _d228756 |
||